000 00359nam a22001217a 4500
999 _c2423
_d2423
005 20200914153710.0
008 200914b ||||| |||| 00| 0 eng d
020 _a2184
040 _cCML
245 _aBackwardness in the Basic Subjects.
_cSchonell, F.J.
260 _aToronto
_bOliver and Boyd
_c1942
942 _2ddc
_cBK
_e1st Edition
_h371
_mSCH